LEADER 01156nam 2200373 450 001 000002668 005 20070503173400.0 100 $a--------d1956----km-y0itay0103----ba 101 0 $aeng 102 $aGB 200 1 $aDoctor in love$fRichard Gordon 200 1 $a1 $n0004778 210 $aLondon$cJoseph$d1956 215 $a188 p.$d21 cm. 676 $a823.914 700 1$aGordon,$bRichard$0189467 801 0$aIT$bUniversità della Basilicata - B.I.A.$gRICA$2unimarc 912 $a000002668 996 $aDoctor in love$971238 997 $aUNIBAS BAS $aMONLET BAS $aMONOGR BAS $aLETTERE CAT $aLONGO$b01$c19990908$lBAS01$h1206 CAT $c20000920$lBAS01$h1830 CAT $c20001010$lBAS01$h1633 CAT $c20050601$lBAS01$h1753 CAT $abatch$b01$c20050718$lBAS01$h1047 CAT $c20050718$lBAS01$h1106 CAT $c20050718$lBAS01$h1136 CAT $c20050718$lBAS01$h1151 CAT $aBATCH$b00$c20070503$lBAS01$h1734 FMT Z30 -1$lBAS01$LBAS01$mBOOK$1BASA1$APolo Storico-Umanistico$2GEN$BCollezione generale$3FP/3186$9FP/3186$63186$5L3186$819990908$f02$FPrestabile Generale LEADER 03396nam 2200625 a 450 001 9910784193503321 005 20230616235524.0 010 $a1-280-85991-1 010 $a9786610859917 010 $a1-4294-2787-6 010 $a90-474-0588-9 010 $a1-4337-0718-7 035 $a(CKB)1000000000334970 035 $a(EBL)280759 035 $a(OCoLC)476024537 035 $a(SSID)ssj0000249316 035 $a(PQKBManifestationID)11215696 035 $a(PQKBTitleCode)TC0000249316 035 $a(PQKBWorkID)10206289 035 $a(PQKB)10995515 035 $a(MiAaPQ)EBC280759 035 $a(Au-PeEL)EBL280759 035 $a(CaPaEBR)ebr10171585 035 $a(CaONFJC)MIL85991 035 $a(OCoLC)437175332 035 $a(EXLCZ)991000000000334970 100 $a20081016d2005 uy 0 101 0 $aeng 135 $aur|n|---||||| 181 $ctxt 182 $cc 183 $acr 200 00$aSpanish yearbook of international law$hVol. VIII, 2001-2002$b[electronic resource] /$fedited by Asociacio?n Espan?ola de Profesores de Derecho Internacional y Relaciones Internacionales 210 $aLeiden $cMartinus Nijhoff$d2005 215 $a1 online resource (556 p.) 225 0 $aSpanish yearbook of international law 300 $aAt head of title: Universitat d'Alacant = Universidad de Alicante. 300 $aIncludes index. 311 $a90-04-13977-X 327 $aAbbreviations; Recent Modifications in the Regulation of Spanish Nationality (M. T. Echezarreta Ferrer); Spanish Practice in the Area of Universal Jurisdiction (A. Sa?nchez Legido); Enforcement of the Notion of Due Diligence in the Report of the Human Rights Commissioner of the Council of Europe Regarding his Visit to the Autonomous Basque Community (F. Lozano Contreras); Spanish Diplomatic and Parliamentary Practice in Public International Law, 2001 and 2002; Treaties to which Spain is a Party Concerning Matters of Public International Law, 2001 and 2002 327 $aTreaties to which Spain is a Party Concerning Matters of Private International Law, 2001 and 2002Spanish Municipal Legislation Concerning Matters of Public International Law, 2001 and 2002; Spanish Municipal Legislation Concerning Matters of Private International Law, 2001 and 2002; Spanish Judicial Decisions in Public International Law, 2001 and 2002; Spanish Judicial Decisions in Private International Law, 2001 and 2002; Spanish Literature in the Field of Private and Public International Law and Related Matters, 2001 and 2002; Table of Cases; Index 330 $aThis Yearbook brings together information concerning Spanish legal practice and a bibliography over the period of one year and makes it available to an international readership. It deals with both private and public international law, taken in a broad sense to include summary treatment of international organizations of which Spain is a member. 606 $aInternational law$zSpain 606 $aInternational law 615 0$aInternational law 615 0$aInternational law. 676 $a341/.0973 712 02$aAsociacio?n Espan?ola de Profesores de Derecho Internacional y Relaciones Internacionales. 801 0$bMiAaPQ 801 1$bMiAaPQ 801 2$bMiAaPQ 906 $aBOOK 912 $a9910784193503321 996 $aSpanish yearbook of international law$9786201 997 $aUNINA